| 000 | 00437nam a2200169Ia 4500 | ||
|---|---|---|---|
| 005 | 20250424120316.0 | ||
| 008 | 250424s9999 xx 000 0 und d | ||
| 022 | _a2616101x | ||
| 050 | _aPQ 7298.24 .N68/ | ||
| 245 | 0 | _aNovena journal of communication | |
| 260 | _aDelta state, Nigeria | ||
| 260 | _bFranklead printing and publishing company | ||
| 260 | _c2019 | ||
| 300 | _avi, 220 p. ; 24 cm. | ||
| 650 | _aNovena | ||
| 942 | _cSR | ||
| 999 |
_c38582 _d38582 |
||